| 000 | 00745 a2200181 4500 | ||
|---|---|---|---|
| 020 | _a0130986178 | ||
| 040 |
_aDLC _bDLC |
||
| 082 | 0 | 0 | _a621.3845 |
| 100 | 1 | _aFeher, Kamilo. | |
| 245 | 1 | 0 |
_aWireless digital communications: modulation and spread spectrum applications _bmodulation and spread spectrum applications _cKamilo Feher. |
| 260 |
_aUpper Saddle River, N.J. : _bPrentice-Hall PTR, _cc1995. |
||
| 300 |
_axx, 524 p. : _bill. ; _c25 cm. + _e1 computer disk (3 1/2 in.). |
||
| 440 | 0 | _aFeher/Prentice Hall digital and wireless communication series | |
| 538 | _aSystem requirements for accompanying computer disk: DOS. | ||
| 650 | 0 | _aWireless communication systems. | |
| 650 | 0 | _aMobile communication systems. | |
| 942 |
_cBK _k621.3845 FEH _2ddc |
||
| 999 |
_c8386 _d8386 |
||